Państwa z Nagrodą Nobla w dziedzinie literatury - Statystyki

Ogólne statystyki
  • Ten quiz został rozwiązany 639 razy
    512 od ostatniego zresetowania
  • Średni wynik to 26 z 41
Statystyki odpowiedzi
Nobel Kraj % Poprawnych
6 Polska
100%
11 Stany Zjednoczone
99%
4 Rosja / Związek Radziecki
94%
16 Francja
93%
8 Niemcy
92%
2 Chiny
91%
6 Hiszpania
91%
10 Wielka Brytania
91%
1 Kanada
90%
8 Szwecja
90%
2 Japonia
87%
6 Włochy
86%
3 Norwegia
84%
1 Meksyk
80%
1 Australia
78%
1 Indie
77%
1 Portugalia
77%
1 Finlandia
76%
2 Austria
71%
2 Grecja
69%
3 Dania
68%
1 Egipt
66%
1 Belgia
65%
2 Szwajcaria
63%
1 Turcja
63%
4 Irlandia
62%
2 Republika Południowej Afryki
58%
1 Węgry
55%
2 Chile
48%
1 Izrael
46%
1 Islandia
45%
1 Kolumbia
44%
1 Białoruś
38%
1 Bułgaria
38%
1 Peru
37%
1 Nigeria
24%
1 Jugosławia
19%
1 Czechosłowacja
13%
1 Saint Lucia
7%
1 Gwatemala
5%
1 Mauritius
0%
Nie znaleziono quizów pasujących do podanych kryteriów
Rozkład punktacji
Procent ludzi z każdym wynikiem
Percentyl według liczby udzielonych odpowiedzi
Twoja historia wyników
Nie rozwiązałeś tego quizu od ostatniego zresetowania